000 00845nam a2200265Ia 4500
005 20220317001745.0
008 170328s2009 m a g 000 0 s
020 _a9789682466106
041 _aspa
082 0 4 _a794.1
_bI71n
100 1 _aIsarrarás Gutiérrez, Jesús
245 1 4 _aLos niños también juegan ajedrez
_cJesús Isarrarás Gutiérrez
250 _aPrimera edición
300 _a31 páginas
_bilustraciones a color
_c27 cm
521 _aRecomendado desde los 6 años
650 1 4 _2LEMB
_aAjedrez
_vEstrategia y técnicas
650 1 4 _2LEMB
_aJuegos de estrategia
650 1 4 _2LEMB
_aAjedrez
_xEnseñanza
942 _2ddc
_cBK
264 _aMéxico
_bTrillas
_c2009
336 _atexto
_btxt
_2rdacontent
337 _asin mediación
_bn
_2rdamedia
338 _avolumen
_bnc
_2rdacarrier
040 _aCO-BoRNBP
_bspa
_erda
_cCO-BoRNBP
999 _c7987
_d7987